000 00658cam a2200241 4500
008 090401t1994 xxu||||| |||| 00| 0 eng d
020 _a0900978198
035 _a(Sirsi) u56988
041 _aeng
050 _a715.2
110 _aArboricultural Association
_91101
245 _aAmenity valuation of trees and woodlands.
250 _a2nd ed.
260 _aRomsey, Hants.
_bArboricultural Association
_c1994
300 _a43p. : ill. ; 21cm.
350 _a5
520 _aBased on a system devised by D. R. Helliwell.
650 _aAMENITY TREES
650 _aHELLIWELL D R
650 _aHELLIWELL SYSTEM
942 _n0
948 _c04/03/1997
999 _c93872
_d93872